Statistiques concernant Culture Générale - Série 1267

Cliquez ici pour prendre le quiz!

Statistiques générales

  • Ce quiz a été pris 70 fois
  • Le résultat moyen est 5 sur 10

Statistiques - réponses

QuestionRéponse% Correct
En médecine, pour évaluer la corpulence d'un adulte, on calcule son I.M.C., ou indice de masse...Corporelle
98%
Complétez le titre d'un tube de Peter et Sloane : "Besoin de rien...envie de toi
94%
Quel oiseau marin de l'hémisphère Sud, incapable de voler, peut être "empereur" ?manchot
91%
De quel pays Asuncion est-elle la capitale ?Paraguay
86%
Quelle guerre est le thème de “L'Iliade” d'Homère ?guerre de Troie
80%
Quel petit chien de type épagneul, à poils longs et oreilles tombantes, a un nom tiré d'un mot anglais signifiant "chasse à la bécasse" ?cocker
31%
Sous l'Empire romain, quel était le nom de la péninsule Ibérique ?Hispanie
18%
De quel boxeur Mike Tyson a-t-il mordu les oreilles au cours d'un combat, en 1997 ?Evander Holyfield
14%
A partir de 1981, quel dessinateur et scénariste, prénommé Jacques, adapte le personnage de Nestor Burma en bande dessinée ?Jacques Tardi
12%
Quelle est l'unité monétaire principale du Paraguay ?guarani
8%

Distribution des résultats

Percentile par nombre de réponses

% des personnes avec chaque résultat

Votre développement - résultats

Vous n’avez pas pris ce quiz